000 00706nam a2200217 4500
003 OSt
005 20221116162817.0
008 221111b |||||||| |||| 00| 0 eng d
020 _a9977 96600 1
040 _cBiblioteca Lado V
082 _a708
_bS319d
100 _9441
_aScheimberg, Daniel
_eautor
245 _aLa Desfocalizacion en Función del Espacio/
246 _aDe- Focusing in relation to space/
260 _c1993
_aCosta Rica
300 _a80p.
_c26x29cm
650 _2Tesauro de Arte & Arquitectura
_aARTE
650 _2Tesauro de Arte & Arquitectura
_aEXHIBICION
650 _2Tesauro de Arte & Arquitectura
_aARTE COSTARRICENSE
942 _2ddc
_c1
_h708
_iS319d
_n0
999 _c2659
_d2659